00559nam a22002057a 450000500170000001000130001702000210003003500130005103700160006404000120008008200150009210000180010724500640012526000360018927000380022530000230026350000190028665000250030565000230033020170124110008.0 aB-019737 c00.00a818731737 aB-019737 bCen Lib/Ret aDPLbEN a685.5bMIT aMittal, R. K. aHandbook of effective quality management /cby R. K. Mittal aDelhibRajat Publicationsc1999 bDelhia4/32, Geeta Colonye110031 av,322p. c22cm(Hb) aIncludes index aEffective Management aQuality Management